[Event "Ostrava Konik op-A"]
[Site "Ostrava"]
[Date "2016.05.04"]
[Round "5"]
[White "Koubova, Anna Marie"]
[Black "Zavisecky, Petr"]
[Result "0-1"]
[WhiteElo "1886"]
[BlackElo "1984"]
[PlyCount "90"]
[EventDate "2016.04.30"]
[EventType "swiss"]
[EventRounds "9"]
[EventCountry "CZE"]
[SourceTitle "CBM 172 Extra"]
[Source "ChessBase"]
[SourceDate "2016.06.21"]
[SourceVersion "1"]
[SourceVersionDate "2016.06.21"]
[SourceQuality "1"]

1. d4 Nf6 2. c4 e6 3. Nc3 Bb4 4. Qc2 c5 5. dxc5 0-0 6. Nf3 Na6 7. g3 Nxc5 8. Bg2 Nce4 9. 0-0 Bxc3 10. bxc3 Qa5 11. Bf4 d6 12. Nd2 Nxd2 13. Qxd2 d5 14. Be5 Ne4 15. Qd4 f6 16. cxd5 exd5 17. Bxe4 dxe4 18. Bd6 Re8 19. Qc5 Qa6 20. c4 Be6 21. Rfd1 Qxc4 22. Qxc4 Bxc4 23. e3 Bd3 24. Rac1 Rec8 25. Bc7 b5 26. Rc5 a5 27. Rdc1 Ra7 28. Bb6 Rxc5 29. Rxc5 Rd7 30. Bxa5 Bc4 31. Rc8+ Kf7 32. Rc7 Rxc7 33. Bxc7 Bxa2 34. Ba5 Bc4 35. Kg2 Be2 36. h3 Ke6 37. g4 Kd5 38. Bc3 Kc4 39. Bd4 b4 40. Kg3 Kd3 41. Kf4 b3 42. h4 Kc2 43. g5 Bf3 44. gxf6 gxf6 45. Bxf6 h5 0-1

[Event "Ostrava Konik op-A"]
[Site "Ostrava"]
[Date "2011.05.06"]
[Round "7"]
[White "Zavisecky, Petr"]
[Black "Miculka, David"]
[Result "0-1"]
[WhiteElo "2043"]
[BlackElo "1860"]
[PlyCount "94"]
[EventDate "2011.04.30"]
[EventType "swiss"]
[EventRounds "9"]
[EventCountry "CZE"]
[SourceTitle "CBM 142 Extra"]
[Source "ChessBase"]
[SourceDate "2011.06.27"]
[SourceVersion "1"]
[SourceVersionDate "2011.06.27"]
[SourceQuality "1"]

1. b3 e5 2. Bb2 Nc6 3. c4 Nf6 4. e3 d6 5. a3 Bf5 6. Nc3 Be7 7. Be2 0-0 8. Nf3 Re8 9. Nh4 Qd7 10. Nxf5 Qxf5 11. 0-0 Rad8 12. Nd5 Qd7 13. Rc1 Nb8 14. f4 c6 15. Nxf6+ Bxf6 16. Qe1 Qe7 17. Bh5 g6 18. Bg4 Bg7 19. f5 Nd7 20. fxg6 fxg6 21. Bxd7 Qxd7 22. e4 Qg4 23. Qe3 b6 24. Rf3 Rf8 25. Rcf1 Rxf3 26. Rxf3 Rf8 27. Rxf8+ Bxf8 28. Qf3 Qxf3 29. gxf3 Bh6 30. Bc3 Kf7 31. Kg2 Bf4 32. d4 d5 33. cxd5 exd4 34. Bxd4 cxd5 35. h3 Ke6 36. Kf2 Bd6 37. a4 dxe4 38. fxe4 Bc5 39. Ke3 Bxd4+ 40. Kxd4 g5 41. e5 h5 42. Ke4 a5 43. Kd4 g4 44. hxg4 hxg4 45. Ke4 g3 46. Kf3 Kxe5 47. Kxg3 Kd4 0-1

[Event "Ostrava Konik op-A"]
[Site "Ostrava"]
[Date "2011.05.02"]
[Round "3"]
[White "Zavisecky, Petr"]
[Black "Taus, Martin"]
[Result "0-1"]
[WhiteElo "2043"]
[BlackElo "2130"]
[PlyCount "82"]
[EventDate "2011.04.30"]
[EventType "swiss"]
[EventRounds "9"]
[EventCountry "CZE"]
[SourceTitle "CBM 142 Extra"]
[Source "ChessBase"]
[SourceDate "2011.06.27"]
[SourceVersion "1"]
[SourceVersionDate "2011.06.27"]
[SourceQuality "1"]

1. e4 Nc6 2. d4 d5 3. Nc3 e6 4. e5 Nge7 5. f4 Nf5 6. Nf3 b6 7. Bb5 Bd7 8. a3 Be7 9. Qd3 g6 10. Ne2 h5 11. Bd2 a6 12. Bxc6 Bxc6 13. Nc3 Bb7 14. Nd1 a5 15. c3 Qd7 16. Ne3 Ba6 17. Qc2 Qb5 18. 0-0-0 c5 19. Nxf5 gxf5 20. Be1 Rc8 21. Bh4 Bxh4 22. Nxh4 cxd4 23. Rxd4 Qc5 24. Nf3 b5 25. g3 Ke7 26. Kd2 b4 27. axb4 axb4 28. Ra1 Qb5 29. Qd1 Rc4 30. Ke3 bxc3 31. bxc3 Qc5 32. Qb3 h4 33. Kd2 hxg3 34. hxg3 Rh3 35. Rg1 Bb5 36. Qb2 Kf8 37. Rxc4 Rh2+ 38. Kd1 Ba4+ 39. Rxa4 Rxb2 40. Ra8+ Ke7 41. Rf1 Rb1+ 0-1